Yazım kılavuzu (Record no. 545)

MARC details
000 -BAŞLIK
Sabit Uzunlukta Kontrol Alanı 00681na a2200241 4500
001 - KONTROL NUMARASI
Denetim Alanı 14506
003 - KONTROL NUMARASI IDENTIFIER
Denetim Alanı MIRAKIL
005 - SON İŞLEM TARİHİ VE ZAMANI
Denetim Alanı 20181213154753.0
008 - SABİT-BOY VERİ ELEMANLARI - GENEL BİLGİLER
Sabit Uzunlukta Kontrol Alanı 160829b tu 000 0
020 ## - ULUSLARARASI STANDART KİTAP NUMARASI
Uluslararası Standart Kitap Numarası 9751618177
035 ## - SİSTEM KONTROL NUMARASI
Sistem Kontrol Numarası 14506
040 ## - KATALOGLAMA KAYNAK
Orijinal Kataloglama Ajansı Milas
Kataloglama Dili tur
Metne Dönüştürmek Ajansı TR-AnCHP
082 ## - DEWEY ONLU SINIFLANDIRMA NUMARASI
Sınıflandırma Numarası DAN 411
Ürün Numarası Y29 2012
090 ## - SINIFLAMA NUMARASI
Sınıflama Numarası DAN 411 Y29 2012
245 ## - BAŞLIK TABLOSU
Başlık Yazım kılavuzu
Sorumluluk Tablosu, Vb hazırlayanlar Şükrü Haluk Akalın ...[v öte.]
250 ## - EDITION TABLOSU
Baskı Beyanı 27. bs.
260 ## - YAYIN, DAĞITIM, VB
Yayın, Dağıtım, Vb Yeri Ankara
Yayıncı, Dağıtıcı, Vs Adı Türk Dil Kurumu
Yayın, Dağıtım, Vb Tarihi 2012
300 ## - FİZİKSEL TANIM
Kapsam viii, 584 s.
Boyutlar 20 sm.
490 ## - SERİSİ TABLOSU
Seri Beyanı Türk Dil Kurumu yayınları
Hacim / Ardışık Tanımı 859
650 ## - KONU KATMA GİRİŞ - TOPİKAL DÖNEM
Topikal Süreli Veya Coğrafi Ad Giriş Elemanı Türk dili
Genel Alt Bölümü Yazım kılavuzları
700 ## - KATMA GİRİŞ - KİŞİSEL İSİM
Kişisel Ad Akalın, Şükrü Haluk
942 ## - EKLENDİ GİRİŞ ELEMANLARI (KOHA)
Sınıflandırma Veya Raf Düzeni Kaynak Dewey Decimal Classification
Koha Öğesi Türü Books
999 ## - SİSTEM KONTROL NUMARALARI (KOHA)
Koha Biblionumber 545
Koha Biblioitemnumber 545
Holdings
Kalıcı Konum Mevcut Konum Edinme Tarihi Edinim Kaynak Toplam Check-Out'Lar Tam Çağrı Numarası Barkod Tarih Son Görülme İtibaren Geçerli Fiyatlar Koha Öğesi Türü
CHP Kütüphanesi CHP Kütüphanesi 08/29/2016 Bağış   DAN 411 Y29 2012 002503 08/29/2016 08/29/2016 Books